|
|
แสดงรายละเอียดบรรณานุกรม |
|
|
Brief Record
: Get Marc (ISO 2709)
: E-mail record
: |
|
|
| LEADER 00000nama 2200000uu 4500 | |||
| 001 179480 | |||
| 003 ULIBM | |||
| 008 040531s2539 th m m a000 0 tha d | |||
| 020 974-898-134-7 | |||
| 041 tha | |||
| 050 QU145 ภ921 | |||
| 100 ปราณีต ผ่องแผ้ว | |||
| 245 โภชนศาสตร์ชุมชนในสังคมที่มีการเปลี่ยนแปลงภาวะเศรษฐกิจอย่างรวดเร็ว/บรรณาธิการ,ปราณีต ผ่องแผ้ว 001 | |||
| 260 กรุงเทพฯ ลิฟวิ่ง ทรานส์ มีเดีย 2539 | |||
| 300 489 หน้า | |||
| 650 โภชนศาสตร์ | |||
| 998 1998-11-07 | |||
| คุณยังไม่ได้ล็อกอิน คุณสามารถมีกิจกรรมร่วมกับเว็บไซต์ได้ แต่ต้องล็อกอินก่อน :: |
|
| สถานะ | |||||||||
| - ไม่พบข้อมูล - | |||||||||
| [แสดง 1/1 รายการ] | |||||||||
BibComment |
| คอมเมนท์ทรัพยากรรายการนี้ |
|
|